| 000 | 00680nam a2200205 i 4500 | ||
|---|---|---|---|
| 001 | 58039 | ||
| 003 | ES-MaACL | ||
| 007 | t| | ||
| 008 | 031020s1958 mx ||||1| spa d | ||
| 100 | 1 |
_aDunne, Peter Masten. _946063 |
|
| 245 | 1 | 4 |
_aLas antiguas misiones de la Tarahumara / _cPeter Masten Dunne ; traducción de Manuel Ocampo. |
| 250 | _a1ª ed. | ||
| 260 |
_aMéxico : _bJus, _c1958. |
||
| 300 |
_a2 v. ; _c23 cm. |
||
| 490 | 1 |
_aFiguras y episodios de la historia de México ; _v56-57 |
|
| 700 | 1 |
_aOcampo, Manuel. _986442 |
|
| 830 | 0 |
_aFiguras y episodios de la historia de México ; _v56-57 _9181876 |
|
| 852 |
_aES-MaACL _jE-9416-7 _bR.94208 |
||
| 999 |
_c58039 _d58039 |
||